Statistics for World War 2 Weapons

Click here to take the quiz!

General Stats

  • This quiz has been taken 811 times
  • The average score is 6 of 18

Answer Stats

HintAnswer% Correct
Nazi fully automic sub machine gunMP40
72%
standard fully automic sub machine gunThompson
59%
nazi heavy machine gunMG42
58%
ally rocket launcherBazooka
54%
british bolt action rifleLee-Enfield
53%
russian bolt action rifleMosin-Nagant
45%
ally sniper rifleSpringfield
42%
nazi bolt action rifleKar 98k
40%
russian sub machine gunPPSh-41
34%
japanese bolt action rifleArisaka
30%
ally shotguntrench gun
22%
standard ally pistolColt 45
18%
standard nazi pistolWalther P38
14%
japanese assault rifleType 100
13%
nazi semi automatic rigleGewehr 43
12%
nazi assault rifleFG-42
5%
ally heavy machine gunBrowning 50cal
3%
Standard semi automatic rifleMI Garend
3%

Score Distribution

Percentile by Number Answered

Percent of People with Each Score

Your Score History

You have not taken this quiz